[Event "ENG-ch Senior Over 50"]
[Site "Kenilworth"]
[Date "2024.05.26"]
[Round "4.2"]
[White "Ledger, Andrew J"]
[Black "Willmoth, Robert F"]
[Result "1/2-1/2"]
[WhiteElo "2335"]
[BlackElo "2118"]
[PlyCount "105"]
[EventDate "2024.05.24"]
[EventType "swiss"]
[EventRounds "7"]
[EventCountry "ENG"]

1. d4 Nf6 2. c4 g6 3. Nc3 d5 4. Nf3 Bg7 5. cxd5 Nxd5 6. e4 Nxc3 7. bxc3 c5 8.
Be3 Qa5 9. Qd2 Nc6 10. Rb1 cxd4 11. cxd4 Qxd2+ 12. Kxd2 O-O 13. d5 Rd8 14. Bd3
Na5 15. Bf4 b6 16. Ke2 f5 17. Ng5 fxe4 18. Bxe4 Bb7 19. Ne6 Rd7 20. Rbc1 Rc8
21. Rxc8+ Bxc8 22. Rc1 Bb7 23. Bd2 Ba6+ 24. Ke1 Nc4 25. Bc3 Bxc3+ 26. Rxc3 Nd6
27. Rf3 Nf7 28. h4 Bc4 29. Rc3 Nd6 30. a4 a6 31. h5 Nxe4 32. Rxc4 Nd6 33. Rc6
Rb7 34. a5 bxa5 35. Rxa6 Rb8 36. hxg6 hxg6 37. Rxa5 Kf7 38. Ra4 Kf6 39. f4 Rb5
40. Rd4 Kf5 41. Ke2 Kg4 42. Rd3 Nf5 43. Rd2 Rb3 44. Nd4 Ng3+ 45. Kd1 Ra3 46.
Nc6 Ra1+ 47. Kc2 Ra2+ 48. Kd3 Rxd2+ 49. Kxd2 Kxf4 50. Nxe7 Ke5 51. Ke3 Nf5+ 52.
Nxf5 gxf5 53. d6 1/2-1/2

[Event "ENG-ch Senior Over 50"]
[Site "Kenilworth"]
[Date "2024.05.26"]
[Round "4.3"]
[White "Davies, Nigel R"]
[Black "Paterson, Andrew I"]
[Result "1-0"]
[WhiteElo "2332"]
[BlackElo "2034"]
[PlyCount "95"]
[EventDate "2024.05.24"]
[EventType "swiss"]
[EventRounds "7"]
[EventCountry "ENG"]

1. d4 Nf6 2. Nf3 g6 3. Bg5 Bg7 4. Nbd2 d5 5. e3 O-O 6. Be2 Bf5 7. O-O Nbd7 8.
h3 c5 9. c3 Qb6 10. Qb3 Rfe8 11. g4 Be6 12. Bf4 h5 13. Ng5 Nf8 14. Qxb6 axb6
15. Nxe6 Nxe6 16. Bh2 hxg4 17. hxg4 Ne4 18. Nxe4 dxe4 19. a3 Ng5 20. Kg2 Rac8
21. Rad1 c4 22. d5 b5 23. Bf4 Bf6 24. d6 exd6 25. Rxd6 Be5 26. Bxe5 Rxe5 27.
Rd7 Ne6 28. Rxb7 Rd8 29. a4 Rd2 30. a5 Nd8 31. Rb8 Kg7 32. a6 Nc6 33. Rb6 Na7
34. Rd1 Rxe2 35. Rd7 Rxb2 36. Rxa7 g5 37. Rc7 Ra2 38. a7 Rd5 39. Rbb7 Rd1 40.
Rxf7+ Kg6 41. Rfc7 Rd6 42. Rxb5 Rf6 43. Rf5 Rxf5 44. gxf5+ Kxf5 45. Kg3 Ra1 46.
Rc5+ Kf6 47. Rxc4 Rxa7 48. Rxe4 1-0

[Event "ENG-ch Senior Over 50"]
[Site "Kenilworth"]
[Date "2024.05.26"]
[Round "4.4"]
[White "Dishman, Stephen"]
[Black "Townsend, M Paul"]
[Result "1-0"]
[WhiteElo "2294"]
[BlackElo "2150"]
[PlyCount "67"]
[EventDate "2024.05.24"]
[EventType "swiss"]
[EventRounds "7"]
[EventCountry "ENG"]

1. Nf3 Nf6 2. c4 e6 3. g3 d5 4. Bg2 Be7 5. O-O O-O 6. d4 c6 7. Qc2 b6 8. Nbd2
Bb7 9. e4 Na6 10. a3 c5 11. exd5 exd5 12. dxc5 Nxc5 13. b4 Ne6 14. Bb2 dxc4 15.
Nxc4 Be4 16. Qb3 Rc8 17. Rfd1 Qc7 18. Rac1 Qb7 19. h4 Rfd8 20. Rxd8+ Rxd8 21.
Nce5 Nd7 22. Bh3 Ndf8 23. Nxf7 Qd5 24. Qxd5 Rxd5 25. N7g5 Nxg5 26. Nxg5 Bxg5
27. hxg5 Kf7 28. Rc7+ Ke8 29. Bg2 Bxg2 30. Kxg2 Ne6 31. Rxa7 Rxg5 32. Kf3 Kd8
33. Ke4 h5 34. Be5 1-0

[Event "ENG-ch Senior Over 50"]
[Site "Kenilworth"]
[Date "2024.05.26"]
[Round "4.5"]
[White "Pitcher, John"]
[Black "Mason, Donald J"]
[Result "1/2-1/2"]
[WhiteElo "2182"]
[BlackElo "1984"]
[PlyCount "22"]
[EventDate "2024.05.24"]
[EventType "swiss"]
[EventRounds "7"]
[EventCountry "ENG"]

1. e4 e5 2. Bc4 Nc6 3. Nc3 Nf6 4. d3 Bc5 5. f4 d6 6. Nf3 exf4 7. Bxf4 O-O 8.
Bg5 h6 9. Bxf6 Qxf6 10. Qd2 Be6 11. Bb3 a5 1/2-1/2

[Event "ENG-ch Senior Over 50"]
[Site "Kenilworth"]
[Date "2024.05.26"]
[Round "4.6"]
[White "Bradbury, Neil H"]
[Black "Burrows, Martin P"]
[Result "1-0"]
[WhiteElo "2182"]
[BlackElo "2008"]
[PlyCount "61"]
[EventDate "2024.05.24"]
[EventType "swiss"]
[EventRounds "7"]
[EventCountry "ENG"]

1. d4 Nf6 2. Nf3 e6 3. Bf4 c5 4. e3 Be7 5. Bd3 O-O 6. Nbd2 cxd4 7. exd4 b6 8.
Qe2 Bb7 9. c3 d6 10. h3 Nbd7 11. O-O Re8 12. Bh2 a6 13. Rfe1 Nf8 14. Ng5 Nd5
15. Ngf3 Ng6 16. Be4 b5 17. a4 Bc6 18. axb5 axb5 19. Bxd5 Bxd5 20. Qxb5 Rb8 21.
Qa4 Rxb2 22. c4 Ba8 23. d5 exd5 24. Bxd6 dxc4 25. Nxc4 Rb7 26. Nd4 Rd7 27. Nf5
Rf8 28. Nxe7+ Nxe7 29. Bxe7 Rxe7 30. Rxe7 Bxg2 31. Re3 1-0

[Event "ENG-ch Senior Over 50"]
[Site "Kenilworth"]
[Date "2024.05.26"]
[Round "4.8"]
[White "Crocker, Philip J"]
[Black "Alldritt, Nigel RE"]
[Result "1/2-1/2"]
[WhiteElo "2103"]
[BlackElo "1983"]
[PlyCount "41"]
[EventDate "2024.05.24"]
[EventType "swiss"]
[EventRounds "7"]
[EventCountry "ENG"]

1. c4 e5 2. g3 Nc6 3. Bg2 Bc5 4. Nc3 d6 5. e3 Be6 6. b3 Nge7 7. Nge2 d5 8. d4
exd4 9. exd4 Bb4 10. O-O Bxc3 11. Nxc3 Qd7 12. Be3 O-O 13. Rc1 Rad8 14. c5 Bh3
15. Bxh3 Qxh3 16. Qf3 Nf5 17. Rcd1 Nce7 18. Qg2 Qxg2+ 19. Kxg2 Nxe3+ 20. fxe3
f5 21. b4 1/2-1/2

[Event "ENG-ch Senior Over 50"]
[Site "Kenilworth"]
[Date "2024.05.26"]
[Round "4.9"]
[White "Thompson, Ian D"]
[Black "Homer, Stephen J"]
[Result "1/2-1/2"]
[WhiteElo "1990"]
[BlackElo "1998"]
[PlyCount "93"]
[EventDate "2024.05.24"]
[EventType "swiss"]
[EventRounds "7"]
[EventCountry "ENG"]

1. c4 e5 2. g3 Be7 3. Bg2 f5 4. d4 d6 5. e4 Nc6 6. Ne2 exd4 7. Nxd4 Nxd4 8.
Qxd4 fxe4 9. Nc3 Nf6 10. Nxe4 O-O 11. Nc3 c6 12. O-O Qb6 13. Qxb6 axb6 14. Re1
Re8 15. Bf4 Bg4 16. h3 Bh5 17. b3 Bf8 18. Rxe8 Rxe8 19. Be3 Nd7 20. Na4 Be7 21.
g4 Bg6 22. Rd1 Ra8 23. Rd2 Ra6 24. f4 Be8 25. f5 Nc5 26. Nxc5 dxc5 27. Bf4 h6
28. a4 Kf8 29. Kh2 Ra8 30. Kg3 Rd8 31. Rxd8 Bxd8 32. h4 Bf7 33. Bf3 b5 34. axb5
cxb5 35. cxb5 b6 36. Bd1 c4 37. bxc4 Bxc4 38. Ba4 Bd3 39. Be3 h5 40. gxh5 Bxf5
41. Kf4 Bd3 42. Ke5 Be2 43. Bg5 Bc7+ 44. Ke6 Bg4+ 45. Kd5 Bf3+ 46. Ke6 Bg4+ 47.
Kd5 1/2-1/2

[Event "ENG-ch Senior Over 50"]
[Site "Kenilworth"]
[Date "2024.05.26"]
[Round "4.10"]
[White "Regan, Natasha K"]
[Black "Byron, Alan M"]
[Result "0-1"]
[WhiteElo "2007"]
[BlackElo "2075"]
[PlyCount "71"]
[EventDate "2024.05.24"]
[EventType "swiss"]
[EventRounds "7"]
[EventCountry "ENG"]

1. Nf3 Nf6 2. c4 e6 3. g3 d5 4. b3 c5 5. Bg2 Nc6 6. O-O d4 7. e3 e5 8. exd4
exd4 9. Re1+ Be7 10. d3 O-O 11. h3 h6 12. a3 a5 13. Nbd2 Re8 14. Nf1 Bd6 15.
Rxe8+ Qxe8 16. Ra2 Bd7 17. g4 Qb8 18. Qd2 Ne7 19. b4 axb4 20. axb4 Rxa2 21.
Qxa2 b6 22. bxc5 bxc5 23. Qa6 Qc7 24. N3d2 Bc6 25. f3 Ng6 26. Nb3 Nh4 27. Kf2
Bb7 28. Qb5 Qe7 29. Bh1 Qc7 30. Bd2 Nd7 31. Qa5 Qc8 32. Qa2 Ne5 33. Ke2 Nhxf3
34. Bf4 Ng1+ 35. Kf2 Nxh3+ 36. Kg3 0-1

[Event "ENG-ch Senior Over 50"]
[Site "Kenilworth"]
[Date "2024.05.26"]
[Round "4.11"]
[White "Hymer, Barry J"]
[Black "Tuke, David"]
[Result "1/2-1/2"]
[WhiteElo "1943"]
[BlackElo "1600"]
[PlyCount "59"]
[EventDate "2024.05.24"]
[EventType "swiss"]
[EventRounds "7"]
[EventCountry "ENG"]

1. d4 d5 2. Nc3 Nf6 3. Bf4 c5 4. e3 cxd4 5. exd4 a6 6. Nf3 Nc6 7. Ne5 Qb6 8.
Nxc6 Qxc6 9. Bd3 e6 10. O-O Be7 11. Re1 O-O 12. Be5 b5 13. a3 Rd8 14. Re3 g6
15. Rh3 Nd7 16. Qd2 Bf8 17. Qg5 Bb7 18. Qh4 h5 19. Re1 Nxe5 20. Rxe5 Bg7 21.
Re1 Qb6 22. Ne2 Re8 23. c3 e5 24. Re3 e4 25. Nf4 Qf6 26. Qxf6 Bxf6 27. R3e2 Kf8
28. Bc2 Bg5 29. Nh3 Bh6 30. Kf1 1/2-1/2

[Event "ENG-ch Senior Over 50"]
[Site "Kenilworth"]
[Date "2024.05.26"]
[Round "4.12"]
[White "Faulkner, Martin J"]
[Black "Ali, Golam S"]
[Result "1-0"]
[WhiteElo "1825"]
[BlackElo "1956"]
[PlyCount "117"]
[EventDate "2024.05.24"]
[EventType "swiss"]
[EventRounds "7"]
[EventCountry "ENG"]

1. c4 Nf6 2. g3 e6 3. Bg2 d5 4. Nf3 Nbd7 5. b3 Bc5 6. O-O O-O 7. Bb2 Re8 8. Qc2
h6 9. d4 Bf8 10. Nc3 c6 11. Rad1 Nb6 12. Nd2 Qc7 13. e4 Rd8 14. Ne2 a5 15. a3
a4 16. b4 Qb8 17. c5 Nbd7 18. e5 Nh7 19. f4 b6 20. f5 Ba6 21. Rf2 Bxe2 22. Rxe2
bxc5 23. dxc5 exf5 24. e6 fxe6 25. Rxe6 f4 26. gxf4 Qxf4 27. Rf1 Qg4 28. Rg6
Ng5 29. Kh1 Re8 30. Nf3 Re3 31. Nxg5 hxg5 32. Qf2 Qf4 33. Qd2 Rf3 34. Qxf4 Rxf4
35. Rxc6 Re8 36. Rxf4 gxf4 37. Bxd5+ Kh7 38. Re6 Rd8 39. Be4+ Kg8 40. Bf3 Kf7
41. Bd5 Nb8 42. Rd6+ Ke7 43. Rxd8 Kxd8 44. Kg2 Kd7 45. Be5 Nc6 46. Bxf4 Nd4 47.
Be4 Be7 48. Kf2 Bf6 49. Bc1 Nb3 50. c6+ Kc8 51. Bf4 Bd4+ 52. Ke2 Bb6 53. Kd3
Bc7 54. Bxc7 Kxc7 55. Kc3 Kb6 56. Bc2 Nc1 57. Kd2 Na2 58. Bxa4 g5 59. Bb3 1-0

[Event "ENG-ch Senior Over 50"]
[Site "Kenilworth"]
[Date "2024.05.26"]
[Round "4.13"]
[White "Henderson, David"]
[Black "Homer, Neil S"]
[Result "1-0"]
[WhiteElo "2082"]
[BlackElo "1691"]
[PlyCount "91"]
[EventDate "2024.05.24"]
[EventType "swiss"]
[EventRounds "7"]
[EventCountry "ENG"]

1. e4 c6 2. d4 d5 3. e5 c5 4. dxc5 e6 5. a3 Nc6 6. Nf3 Bxc5 7. b4 Bb6 8. Bb2
Nge7 9. Bd3 Ng6 10. g3 Bd7 11. O-O Bc7 12. Re1 Rc8 13. Nbd2 Nce7 14. Nb3 Bb6
15. h4 h5 16. Nbd4 a6 17. Ng5 Bxd4 18. Bxd4 Nf5 19. Qf3 Nge7 20. Bc5 g6 21.
Rad1 Bc6 22. Qe2 Qd7 23. c4 b5 24. cxd5 Bxd5 25. Ne4 Ng8 26. a4 Rb8 27. axb5
axb5 28. Nc3 Qc6 29. Bxb5 Rxb5 30. Qxb5 Qxb5 31. Nxb5 Nge7 32. Nc7+ Kd7 33.
Nxd5 Nxd5 34. Ra1 Rc8 35. Ra7+ Rc7 36. Rea1 f6 37. Rxc7+ Kxc7 38. Ra7+ Kc8 39.
exf6 Nxf6 40. Kg2 Nd5 41. f3 Kd8 42. Kh3 Ke8 43. Rh7 Nf6 44. Ra7 Kd8 45. g4
hxg4+ 46. fxg4 1-0

[Event "ENG-ch Senior Over 50"]
[Site "Kenilworth"]
[Date "2024.05.26"]
[Round "4.14"]
[White "Donnelly, Andrew J"]
[Black "Drugan, Mark A"]
[Result "1-0"]
[WhiteElo "1782"]
[BlackElo "1779"]
[PlyCount "83"]
[EventDate "2024.05.24"]
[EventType "swiss"]
[EventRounds "7"]
[EventCountry "ENG"]

1. Nf3 Nf6 2. g3 g6 3. Bg2 Bg7 4. O-O O-O 5. d4 d6 6. c4 c5 7. e3 e6 8. Qc2 Nc6
9. a3 Qc7 10. Bd2 b6 11. Bc3 Bb7 12. Nbd2 cxd4 13. exd4 d5 14. b3 a5 15. Qb2
Nd7 16. Rac1 Qd8 17. Rc2 Re8 18. Re1 Rc8 19. Nf1 Nf6 20. Ne5 dxc4 21. bxc4 Nxe5
22. dxe5 Bxg2 23. Kxg2 Nd7 24. Bd4 Bf8 25. Ne3 Qc7 26. Ng4 Red8 27. Qc1 Qc6+
28. Kg1 Qf3 29. h3 Qxa3 30. Qf4 Qb4 31. Rec1 Qe7 32. Nf6+ Nxf6 33. exf6 Qd6 34.
Be5 Qd3 35. Bc7 Rd4 36. Qe5 Re4 37. Qb2 Rxc7 38. Rd2 Qf3 39. Rd8 Re2 40. Qxb6
Qb7 41. Qd6 Re7 42. fxe7 1-0

[Event "ENG-ch Senior Over 50"]
[Site "Kenilworth"]
[Date "2024.05.27"]
[Round "5.1"]
[White "Hebden, Mark L"]
[Black "Davies, Nigel R"]
[Result "1/2-1/2"]
[WhiteElo "2395"]
[BlackElo "2332"]
[PlyCount "32"]
[EventDate "2024.05.24"]
[EventType "swiss"]
[EventRounds "7"]
[EventCountry "ENG"]

1. d4 Nf6 2. c4 e6 3. Nc3 Bb4 4. e3 O-O 5. Nge2 d5 6. a3 Be7 7. Ng3 c5 8. dxc5
dxc4 9. Qc2 Qa5 10. Bxc4 Qxc5 11. Be2 Nbd7 12. O-O b6 13. e4 Bb7 14. Be3 Qc7
15. Rac1 Rac8 16. Rfd1 Qb8 1/2-1/2

[Event "ENG-ch Senior Over 50"]
[Site "Kenilworth"]
[Date "2024.05.27"]
[Round "5.2"]
[White "Ledger, Andrew J"]
[Black "Wells, Peter K"]
[Result "0-1"]
[WhiteElo "2335"]
[BlackElo "2348"]
[PlyCount "78"]
[EventDate "2024.05.24"]
[EventType "swiss"]
[EventRounds "7"]
[EventCountry "ENG"]

1. Nf3 d5 2. g3 c6 3. Bg2 Bg4 4. c4 e6 5. O-O Nf6 6. b3 Nbd7 7. Bb2 Bd6 8. d3
O-O 9. Nbd2 Qe7 10. h3 Bh5 11. a3 a5 12. e4 dxe4 13. dxe4 Bxf3 14. Qxf3 e5 15.
Qe2 g6 16. h4 Rfd8 17. Rfd1 Nc5 18. Rab1 Na6 19. Ra1 Bc5 20. Nf3 Rxd1+ 21. Rxd1
Ng4 22. Rf1 Bxa3 23. Bh3 Bxb2 24. Qxb2 Nf6 25. Nxe5 Re8 26. Nf3 Nxe4 27. Bg2
Nb4 28. Qa1 Qc5 29. Qd4 Qxd4 30. Nxd4 Nc5 31. Ra1 Rd8 32. Nf3 Nxb3 33. Ra3 Rd1+
34. Kh2 Rb1 35. Ne5 Rb2 36. g4 Nc2 37. Ra4 Ncd4 38. Kg3 b5 39. Ra3 Nc2 0-1

[Event "ENG-ch Senior Over 50"]
[Site "Kenilworth"]
[Date "2024.05.27"]
[Round "5.3"]
[White "Brett, Andrew R"]
[Black "Bradbury, Neil H"]
[Result "1-0"]
[WhiteElo "2044"]
[BlackElo "2182"]
[PlyCount "75"]
[EventDate "2024.05.24"]
[EventType "swiss"]
[EventRounds "7"]
[EventCountry "ENG"]

1. d4 Nf6 2. c4 e6 3. Nf3 Bb4+ 4. Bd2 Qe7 5. e3 O-O 6. Bd3 Bxd2+ 7. Qxd2 d6 8.
Nc3 e5 9. Bc2 Re8 10. O-O-O c6 11. Kb1 e4 12. Ng5 d5 13. cxd5 cxd5 14. Bb3 Nc6
15. h4 Be6 16. f3 Rad8 17. fxe4 Nxe4 18. Ncxe4 Bf5 19. Ka1 Bxe4 20. Nxe4 Qxe4
21. Rh3 a5 22. Bc2 Qg4 23. Rf1 Nb4 24. Bf5 Qh5 25. g4 Qh6 26. g5 Qa6 27. Rhf3
Re7 28. Qf2 Rf8 29. h5 Rc7 30. g6 Qc4 31. Bb1 f6 32. gxh7+ Kh8 33. h6 Nc2+ 34.
Bxc2 Qxc2 35. hxg7+ Kxg7 36. h8=Q+ Kxh8 37. Rh3+ Kg8 38. Rg3+ 1-0

[Event "ENG-ch Senior Over 50"]
[Site "Kenilworth"]
[Date "2024.05.27"]
[Round "5.4"]
[White "Mason, Donald J"]
[Black "Dishman, Stephen"]
[Result "0-1"]
[WhiteElo "1984"]
[BlackElo "2294"]
[PlyCount "92"]
[EventDate "2024.05.24"]
[EventType "swiss"]
[EventRounds "7"]
[EventCountry "ENG"]

1. c4 e6 2. d4 d5 3. cxd5 exd5 4. Nf3 c6 5. Nc3 Bd6 6. e3 Nf6 7. Bd3 Bg4 8. Bd2
Nbd7 9. Qc2 a5 10. h3 Bh5 11. Nh4 O-O 12. Nf5 Bb4 13. f3 c5 14. a3 Bxc3 15.
Bxc3 c4 16. Be2 b5 17. O-O Bg6 18. e4 Bxf5 19. exf5 Nh5 20. Be1 Re8 21. Qd2 Qc7
22. Bd1 Ng3 23. Bxg3 Qxg3 24. Bc2 Nf6 25. Qf2 Nh5 26. Rfe1 Qf4 27. g4 Nf6 28.
Kg2 h6 29. Rad1 Kf8 30. Qg3 Qxg3+ 31. Kxg3 Rxe1 32. Rxe1 Re8 33. Re5 Rxe5 34.
dxe5 Nd7 35. f4 d4 36. Kf3 Nc5 37. g5 b4 38. axb4 axb4 39. Kf2 b3 40. Bd1 c3
41. gxh6 gxh6 42. bxc3 dxc3 43. Ke2 c2 44. Bxc2 bxc2 45. Kd2 Nd3 46. Kxc2 Nxf4
0-1

[Event "ENG-ch Senior Over 50"]
[Site "Kenilworth"]
[Date "2024.05.27"]
[Round "5.5"]
[White "James, Russell A"]
[Black "Pitcher, John"]
[Result "1/2-1/2"]
[WhiteElo "1987"]
[BlackElo "2182"]
[PlyCount "78"]
[EventDate "2024.05.24"]
[EventType "swiss"]
[EventRounds "7"]
[EventCountry "ENG"]

1. e4 c5 2. Nf3 e6 3. d4 cxd4 4. Nxd4 a6 5. Nc3 b5 6. Bd3 Bb7 7. O-O Nc6 8. Nf3
d6 9. Re1 Nf6 10. Bf4 Be7 11. Qe2 O-O 12. Rad1 Qb6 13. a3 Rfd8 14. h3 Nd7 15.
Be3 Qc7 16. a4 b4 17. Na2 Bf6 18. c3 bxc3 19. Nxc3 Nb4 20. Bb1 Rac8 21. Rc1 Qb8
22. Red1 Ba8 23. Bf4 e5 24. Be3 Nc5 25. Nd5 Nxd5 26. exd5 Nxa4 27. Rxc8 Rxc8
28. Bg5 Bxg5 29. Nxg5 h6 30. Nxf7 Kxf7 31. Qh5+ Kf8 32. Qf5+ Ke7 33. Qg6 Rf8
34. Qxg7+ Rf7 35. Qxh6 Qb6 36. Qe6+ Kf8 37. Qc8+ Kg7 38. Qg4+ Kf8 39. Qc8+ Kg7
1/2-1/2

[Event "ENG-ch Senior Over 50"]
[Site "Kenilworth"]
[Date "2024.05.27"]
[Round "5.6"]
[White "Byron, Alan M"]
[Black "Willmoth, Robert F"]
[Result "1/2-1/2"]
[WhiteElo "2075"]
[BlackElo "2118"]
[PlyCount "153"]
[EventDate "2024.05.24"]
[EventType "swiss"]
[EventRounds "7"]
[EventCountry "ENG"]

1. d4 d6 2. Nf3 Nf6 3. c4 Nbd7 4. Nc3 e5 5. g3 Be7 6. Bg2 O-O 7. O-O c6 8. Qc2
Re8 9. Rd1 Qc7 10. b3 Bf8 11. e4 a5 12. h3 g6 13. Be3 Bg7 14. Rac1 Qb8 15. d5
c5 16. Ne1 Nf8 17. Kh2 Bd7 18. Nd3 b5 19. cxb5 Bxb5 20. Nxb5 Qxb5 21. Nb2 N8d7
22. Bf1 Qb8 23. a4 Nb6 24. Bb5 Rf8 25. g4 Ne8 26. Rg1 Ra7 27. Nc4 Kh8 28. Nxb6
Qxb6 29. Bd3 Nc7 30. Qc4 Rb8 31. Rb1 Na6 32. Qc1 Nb4 33. Bc4 Qd8 34. Rb2 Qe7
35. f3 Raa8 36. Rbg2 Rg8 37. Qd2 Raf8 38. Qc1 Qd7 39. Bh6 Bxh6 40. Qxh6 f6 41.
Qd2 Rf7 42. Qh6 g5 43. h4 Rg6 44. Qh5 Qd8 45. Kg3 Qf8 46. hxg5 fxg5 47. Rf2
Rfg7 48. Kg2 Qf4 49. Re1 Rf7 50. Qh2 Rgf6 51. Qxf4 gxf4 52. Rh1 Kg7 53. Kg1 Rh6
54. Rfh2 Rxh2 55. Rxh2 Rf6 56. Rd2 Rh6 57. Kg2 Kf6 58. Bb5 Ke7 59. Bf1 Rg6 60.
Kh2 Rg5 61. Kh3 Kf6 62. Kh4 Rg6 63. Kh3 Kg5 64. Bb5 Rg8 65. Rg2 Rd8 66. Kh2 h6
67. Bc4 Rb8 68. Kg1 Rh8 69. Bb5 Rd8 70. Kf1 Kg6 71. Rh2 Kg7 72. Ke1 Kg6 73. Kd2
Rh8 74. Kc3 Rb8 75. Kc4 Kg7 76. Kc3 Kg6 77. Kc4 1/2-1/2

[Event "ENG-ch Senior Over 50"]
[Site "Kenilworth"]
[Date "2024.05.27"]
[Round "5.7"]
[White "Townsend, M Paul"]
[Black "Paterson, Andrew I"]
[Result "1-0"]
[WhiteElo "2150"]
[BlackElo "2034"]
[PlyCount "41"]
[EventDate "2024.05.24"]
[EventType "swiss"]
[EventRounds "7"]
[EventCountry "ENG"]

1. Nf3 Nf6 2. c4 g6 3. Nc3 Bg7 4. d4 O-O 5. e4 d6 6. Be2 e5 7. d5 a5 8. Bg5 Na6
9. Nd2 Nc5 10. O-O Bd7 11. b3 h6 12. Be3 c6 13. a3 cxd5 14. cxd5 Kh8 15. f3 Nh5
16. Nc4 Qc7 17. Rc1 Rfc8 18. b4 axb4 19. axb4 Na4 20. Nxa4 Bxa4 21. Qd2 1-0

[Event "ENG-ch Senior Over 50"]
[Site "Kenilworth"]
[Date "2024.05.27"]
[Round "5.8"]
[White "Homer, Stephen J"]
[Black "Crocker, Philip J"]
[Result "1-0"]
[WhiteElo "1998"]
[BlackElo "2103"]
[PlyCount "94"]
[EventDate "2024.05.24"]
[EventType "swiss"]
[EventRounds "7"]
[EventCountry "ENG"]

1. e4 e5 2. Nf3 Nc6 3. Bb5 a6 4. Ba4 Nf6 5. O-O d6 6. Re1 Bd7 7. c3 g6 8. d4
Bg7 9. h3 O-O 10. Bc2 Nh5 11. Be3 Kh8 12. Nbd2 Qe8 13. a4 f5 14. dxe5 f4 15.
Bd4 dxe5 16. Bc5 Rf6 17. Qe2 g5 18. Nf1 g4 19. hxg4 Bxg4 20. N1h2 Be6 21. Rad1
Rh6 22. Ng5 Nf6 23. Nxe6 Qxe6 24. Bd3 Rg6 25. Bc4 Qh3 26. Qf3 Qh4 27. Rd3 Rh6
28. Qh3 Qg5 29. Qf5 Qxf5 30. exf5 e4 31. Rdd1 Rh5 32. Be6 Bf8 33. Bxf8 Rxf8 34.
Bd5 Rxf5 35. Bxe4 Nxe4 36. Rxe4 Re5 37. Rdd4 Rfe8 38. Rxe5 Rxe5 39. Rxf4 Re1+
40. Nf1 Ne5 41. Rd4 c5 42. Rd5 c4 43. g3 Kg7 44. Kg2 Kf6 45. Ne3 Re2 46. Rd6+
Ke7 47. Rb6 Nd7 1-0

[Event "ENG-ch Senior Over 50"]
[Site "Kenilworth"]
[Date "2024.05.27"]
[Round "5.9"]
[White "Burrows, Martin P"]
[Black "Alldritt, Nigel RE"]
[Result "1/2-1/2"]
[WhiteElo "2008"]
[BlackElo "1983"]
[PlyCount "49"]
[EventDate "2024.05.24"]
[EventType "swiss"]
[EventRounds "7"]
[EventCountry "ENG"]

1. e4 e6 2. d4 d5 3. Nc3 Bb4 4. e5 c5 5. a3 Bxc3+ 6. bxc3 Ne7 7. h4 Nbc6 8. h5
h6 9. Qg4 Qc7 10. Qxg7 Rg8 11. Qxh6 cxd4 12. Ne2 dxc3 13. f4 Bd7 14. Qh7 O-O-O
15. Qd3 d4 16. h6 Rg6 17. h7 Rh8 18. Nxd4 Nxd4 19. Qxd4 Bc6 20. Qxc3 Bxg2 21.
Qxc7+ Kxc7 22. Bxg2 Rxg2 23. Bd2 Rg7 24. O-O-O Rgxh7 25. Rxh7 1/2-1/2

[Event "ENG-ch Senior Over 50"]
[Site "Kenilworth"]
[Date "2024.05.27"]
[Round "5.10"]
[White "Tuke, David"]
[Black "Ciuravin, Andrei"]
[Result "0-1"]
[WhiteElo "1600"]
[BlackElo "2046"]
[PlyCount "46"]
[EventDate "2024.05.24"]
[EventType "swiss"]
[EventRounds "7"]
[EventCountry "ENG"]

1. d4 d6 2. c4 e5 3. dxe5 dxe5 4. Qxd8+ Kxd8 5. e4 Bb4+ 6. Bd2 Bxd2+ 7. Nxd2 c6
8. Ngf3 f6 9. Be2 Be6 10. O-O a5 11. a3 a4 12. Rfd1 Kc7 13. h3 Nd7 14. Nh2 Nc5
15. Bg4 Bf7 16. Be2 Ne7 17. Nhf1 Rhd8 18. f3 Ng6 19. Ne3 Nf4 20. Bf1 Rd7 21. g3
Nfe6 22. Kf2 Rad8 23. Rac1 Rxd2+ 0-1

[Event "ENG-ch Senior Over 50"]
[Site "Kenilworth"]
[Date "2024.05.27"]
[Round "5.11"]
[White "Henderson, David"]
[Black "Walley, A Clive"]
[Result "1/2-1/2"]
[WhiteElo "2082"]
[BlackElo "1885"]
[PlyCount "57"]
[EventDate "2024.05.24"]
[EventType "swiss"]
[EventRounds "7"]
[EventCountry "ENG"]

1. e4 c5 2. c3 Nf6 3. e5 Nd5 4. d4 cxd4 5. Nf3 Nc6 6. cxd4 d6 7. Bc4 Nb6 8. Bb5
dxe5 9. Nxe5 Bd7 10. Nxc6 Bxc6 11. Bxc6+ bxc6 12. O-O e6 13. Nc3 Nd5 14. Qa4
Qd7 15. Rd1 Be7 16. Be3 O-O 17. Nxd5 Qxd5 18. Rac1 Qb5 19. Qxb5 cxb5 20. Rc7
Bd6 21. Rc6 Rfd8 22. g3 Be7 23. Rc7 Bf6 24. Rb7 Rd5 25. Rc1 Bd8 26. Rc5 Bb6 27.
Rxd5 exd5 28. Rd7 Rd8 29. Rxd8+ 1/2-1/2

[Event "ENG-ch Senior Over 50"]
[Site "Kenilworth"]
[Date "2024.05.27"]
[Round "5.12"]
[White "Hymer, Barry J"]
[Black "Gardiner, Eric D"]
[Result "0-1"]
[WhiteElo "1943"]
[BlackElo "1915"]
[PlyCount "86"]
[EventDate "2024.05.24"]
[EventType "swiss"]
[EventRounds "7"]
[EventCountry "ENG"]

1. d4 d5 2. Nc3 Nf6 3. Bf4 c5 4. e3 cxd4 5. exd4 Bg4 6. f3 Bd7 7. Nb5 Bxb5 8.
Bxb5+ Nc6 9. c3 a6 10. Bd3 e6 11. Ne2 Bd6 12. Bxd6 Qxd6 13. Ng3 O-O 14. O-O Qf4
15. Qc1 Qxc1 16. Raxc1 b5 17. f4 g6 18. Rfe1 Ne8 19. Nf1 Nd6 20. Nd2 Na5 21. b4
Nc6 22. a4 bxa4 23. Ra1 Nb5 24. Rec1 Rfc8 25. Rxa4 Ncxd4 26. Rca1 Rxc3 27. Bxb5
Nxb5 28. Rxa6 Rxa6 29. Rxa6 Rc2 30. Rb6 Nd4 31. Nf1 Ne2+ 32. Kf2 Nxf4+ 33. Kf3
Nxg2 34. b5 Nh4+ 35. Ke3 Rb2 36. Rb8+ Kg7 37. Kd3 Nf3 38. Kc3 Rb1 39. Ng3 Ne5
40. Kc2 Rb4 41. Kc3 Rc4+ 42. Kb3 Nd7 43. Rd8 Nc5+ 0-1

[Event "ENG-ch Senior Over 50"]
[Site "Kenilworth"]
[Date "2024.05.27"]
[Round "5.13"]
[White "Matthews, Adrian MS"]
[Black "Faulkner, Martin J"]
[Result "1-0"]
[WhiteElo "1847"]
[BlackElo "1825"]
[PlyCount "77"]
[EventDate "2024.05.24"]
[EventType "swiss"]
[EventRounds "7"]
[EventCountry "ENG"]

1. e4 e5 2. Nf3 Nf6 3. Nxe5 d6 4. Nf3 Nxe4 5. Nc3 Nxc3 6. dxc3 Nc6 7. Bd3 Be7
8. Bf4 Be6 9. Qd2 Qd7 10. Nd4 Nxd4 11. cxd4 Bf6 12. c3 O-O-O 13. O-O h6 14. Be3
d5 15. f4 Bf5 16. Be2 Rhe8 17. Rae1 Re6 18. g4 Qe7 19. Bf2 Be4 20. f5 Bg5 21.
Qd1 Rb6 22. Qa4 Kb8 23. Bd3 Re8 24. Re2 g6 25. Rfe1 gxf5 26. gxf5 Rg8 27. Bxe4
Be3+ 28. Bg2 Bxf2+ 29. Kxf2 Qh4+ 30. Kg1 a6 31. Re8+ Ka7 32. Qc2 Rg4 33. Qf2
Qg5 34. R8e2 Rf4 35. Qe3 Qg4 36. Qg3 Qxf5 37. Re5 Re6 38. Rxf5 Rxe1+ 39. Qxe1
1-0